Riconosci la Squadra di calcio - Quiz n°113 - Statistics

Statistiche generali
  • Questo quiz è stato fatto 7 volte
  • Il punteggio medio è 5 su 10
Statistiche sulle risposte
Indizio Risposta % Corretto
Simboli Corvo
100%
Colori sociali Blu, rosso
86%
Titoli nazionali 15 Campionati argentini
71%
Trofei nazionali 1 Supercopa Argentina 1 Copa General Pedro Ramírez
71%
Trofei internazionali 1 Coppe Libertadores
1 Coppe Sudamericane
1 Coppe Mercosur
1 Copa Aldao
1 Copa Campeonato del Río de la Plata
43%
Confederazione CONMEBOL
43%
Divisione nazionale 2023-2024 Prima
43%
Capienza Stadio 47 964 posti
29%
Fondazione 1908
14%
Squadra San Lorenzo
14%
Nessun quiz corrispondente trovato
Distribuzione punteggi
Percentuale di utenti per punteggio
Percentile per numero di risposta
I tuoi punteggi nel tempo
Non hai fatto questo quiz